[Event "Torneo Hotel Alfinden 2010"]
[Site "La Puebla de Alfinden ESP"]
[Date "2010.12.03"]
[Round "1.1"]
[White "Ramon Perez, Jose Luis"]
[Black "Martin Alvarez, Inigo"]
[Result "0-1"]
[WhiteElo "2251"]
[BlackElo "2292"]
[PlyCount "110"]
[EventDate "2010.12.03"]
[EventType "tourn"]
[EventRounds "9"]
[EventCountry "ESP"]
[EventCategory "5"]
[Source "lmi"]
[SourceDate "2010.12.03"]

1. e4 d6 2. Nc3 Nf6 3. f4 e5 4. Nf3 Nbd7 5. Bc4 Be7 6. O-O c6 7. d3 b5 8. Bb3
O-O 9. Kh1 a5 10. a4 b4 11. Ne2 Ba6 12. Ng3 Qc7 13. Nf5 Rae8 14. Qe1 Nc5 15.
fxe5 dxe5 16. Bh6 g6 17. Nxe7+ Qxe7 18. Qh4 Nxb3 19. cxb3 Nd7 20. Qxe7 Rxe7 21.
Bxf8 Kxf8 22. Ne1 Re6 23. Rc1 c5 24. Kg1 f6 25. Kf2 c4 26. bxc4 Nc5 27. Ke3 Rd6
28. g4 h6 29. h4 g5 30. hxg5 hxg5 31. Rc2 Nxa4 32. Rh1 Nc5 33. Rh8+ Ke7 34.
Rch2 Kd7 35. Rf8 b3 36. Rh7+ Kc6 37. Rh6 Nd7 38. Ra8 Kb7 39. Rd8 a4 40. Nf3 Kc7
41. Rdh8 Nc5 42. R8h7+ Kb6 43. d4 exd4+ 44. Nxd4 a3 45. bxa3 Bxc4 46. e5 b2 47.
Rh1 fxe5 48. Nf3 Rd3+ 49. Kf2 Ne4+ 50. Kg2 Nc3 51. R7h6+ Kc5 52. Nxe5 Bd5+ 53.
Kf2 Rd2+ 54. Ke3 Bxh1 55. Rxh1 b1=Q 0-1

[Event "Torneo Hotel Alfinden 2010"]
[Site "La Puebla de Alfinden ESP"]
[Date "2010.12.03"]
[Round "1.2"]
[White "Panelo, Marcelo"]
[Black "Fontana Sotomayor, Luis Javier"]
[Result "0-1"]
[WhiteElo "2432"]
[BlackElo "2376"]
[PlyCount "60"]
[EventDate "2010.12.03"]
[EventType "tourn"]
[EventRounds "9"]
[EventCountry "ESP"]
[EventCategory "5"]
[Source "lmi"]
[SourceDate "2010.12.03"]

1. d4 d5 2. Nf3 Nf6 3. c4 c6 4. Nc3 g6 5. Bf4 Bg7 6. e3 O-O 7. Rc1 dxc4 8. Bxc4
Bg4 9. h3 Bxf3 10. Qxf3 Nbd7 11. O-O Qa5 12. Bh2 e5 13. Bb3 Rad8 14. Rfe1 exd4
15. exd4 Qb4 16. Re3 Nb6 17. Be5 Nbd5 18. Re2 Rfe8 19. Rce1 Qf8 20. Kf1 Re6 21.
g4 Nxc3 22. bxc3 Nd5 23. Bxg7 Kxg7 24. Rxe6 fxe6 25. Qxf8+ Kxf8 26. Rxe6 Nxc3
27. Rf6+ Ke8 28. g5 Rxd4 29. Bf7+ Kd8 30. Be6 Ne4 0-1

[Event "Torneo Hotel Alfinden 2010"]
[Site "La Puebla de Alfinden ESP"]
[Date "2010.12.03"]
[Round "1.3"]
[White "Kovacevic, Slobodan"]
[Black "Garza Marco, Sergio"]
[Result "1/2-1/2"]
[WhiteElo "2330"]
[BlackElo "2442"]
[PlyCount "41"]
[EventDate "2010.12.03"]
[EventType "tourn"]
[EventRounds "9"]
[EventCountry "ESP"]
[EventCategory "5"]
[Source "lmi"]
[SourceDate "2010.12.03"]

1. d4 f5 2. Nf3 Nf6 3. h3 g6 4. Bf4 Bg7 5. e3 d6 6. c4 O-O 7. Nc3 Nc6 8. Be2
Ne4 9. O-O e5 10. Bh2 exd4 11. exd4 Nxc3 12. bxc3 f4 13. Re1 Na5 14. Rc1 Kh8
15. Nd2 Bd7 16. Bg4 Bh6 17. Rb1 b6 18. Be6 Bxe6 19. Rxe6 Qd7 20. Qg4 Qf7 21.
Rbe1 1/2-1/2

[Event "Torneo Hotel Alfinden 2010"]
[Site "La Puebla de Alfinden ESP"]
[Date "2010.12.03"]
[Round "1.4"]
[White "Gemy, Jose Daniel"]
[Black "Rios, Alejandro"]
[Result "1/2-1/2"]
[WhiteElo "2316"]
[BlackElo "2321"]
[PlyCount "82"]
[EventDate "2010.12.03"]
[EventType "tourn"]
[EventRounds "9"]
[EventCountry "ESP"]
[EventCategory "5"]
[Source "lmi"]
[SourceDate "2010.12.03"]

1. Nf3 Nf6 2. b3 c5 3. Bb2 b6 4. e3 Bb7 5. Be2 e6 6. O-O Be7 7. d3 d5 8. Nbd2
O-O 9. Ne5 Nfd7 10. Ndf3 Nxe5 11. Nxe5 f6 12. Nf3 e5 13. c4 d4 14. e4 g6 15.
Bc1 Nc6 16. Bh6 Rf7 17. Nd2 Bc8 18. f4 exf4 19. Bxf4 Bd6 20. Qe1 Bxf4 21. Rxf4
Qe7 22. Qg3 Bd7 23. Re1 Ne5 24. h3 a6 25. Nf3 b5 26. Rxf6 Rxf6 27. Nxe5 Raf8
28. Nxd7 Qxd7 29. Bg4 Qe7 30. e5 Rf4 31. e6 Kg7 32. Kh2 R8f6 33. Re5 Kf8 34.
Rd5 h5 35. Rd7 hxg4 36. Rxe7 Kxe7 37. Qh4 gxh3 38. Qh7+ Kxe6 39. Qg8+ Ke7 40.
Qg7+ Kd6 41. Kxh3 bxc4 1/2-1/2

[Event "Torneo Hotel Alfinden 2010"]
[Site "La Puebla de Alfinden ESP"]
[Date "2010.12.03"]
[Round "1.5"]
[White "Forcen Esteban, Daniel"]
[Black "Ramiro Ovejero, Juan Luis"]
[Result "1-0"]
[WhiteElo "2367"]
[BlackElo "2381"]
[PlyCount "95"]
[EventDate "2010.12.03"]
[EventType "tourn"]
[EventRounds "9"]
[EventCountry "ESP"]
[EventCategory "5"]
[Source "lmi"]
[SourceDate "2010.12.03"]

1. e4 e5 2. d4 d6 3. Nf3 exd4 4. Nxd4 Nf6 5. Nc3 Be7 6. g3 Nc6 7. Bg2 Bg4 8. f3
Bd7 9. Nde2 O-O 10. O-O Rb8 11. g4 h6 12. h3 b5 13. Ng3 b4 14. Nce2 d5 15. exd5
Bc5+ 16. Kh1 Ne5 17. Nd4 Nxd5 18. Ngf5 Bxf5 19. Nxf5 Ne7 20. Qe2 N5g6 21. Ng3
Re8 22. Ne4 Bb6 23. Be3 Nd5 24. Bxb6 axb6 25. Rfd1 Ngf4 26. Qf2 Qe7 27. Bf1 Qe5
28. Qd4 Qxd4 29. Rxd4 c5 30. Rd2 Ra8 31. Bb5 Re6 32. Bc4 Re5 33. Bb5 Ne7 34.
Kh2 Ne6 35. c3 bxc3 36. bxc3 Ng5 37. Nxg5 hxg5 38. Rad1 Ra3 39. Rd8+ Kh7 40.
Rf8 Rxa2+ 41. Kh1 Ng6 42. Rxf7 Nf4 43. Bf1 Rf2 44. Kg1 Rxf3 45. Rdd7 Ne2+ 46.
Bxe2 Rxf7 47. Bd3+ Kg8 48. Rd8+ 1-0

[Event "Torneo Hotel Alfinden 2010"]
[Site "La Puebla de Alfinden ESP"]
[Date "2010.12.04"]
[Round "2.1"]
[White "Martin Alvarez, Inigo"]
[Black "Ramiro Ovejero, Juan Luis"]
[Result "1-0"]
[WhiteElo "2292"]
[BlackElo "2381"]
[PlyCount "63"]
[EventDate "2010.12.03"]
[EventType "tourn"]
[EventRounds "9"]
[EventCountry "ESP"]
[EventCategory "5"]
[Source "lmi"]
[SourceDate "2010.12.03"]

1. e4 c5 2. Nf3 e6 3. d4 cxd4 4. Nxd4 Nc6 5. Nc3 Qc7 6. Be3 a6 7. Qd2 Nf6 8.
O-O-O Be7 9. f3 b5 10. g4 O-O 11. g5 Nh5 12. Nce2 Rd8 13. Ng3 Nxd4 14. Nxh5 Nc6
15. Qf2 Rb8 16. Kb1 Ne5 17. Bd4 d6 18. f4 Ng4 19. Qg3 e5 20. f5 exd4 21. Qxg4
Kh8 22. Rd3 d5 23. Rh3 Qe5 24. Bd3 dxe4 25. Bxe4 Rb6 26. Rf1 Rg6 27. Nf6 h6 28.
Qh4 Bxf6 29. fxg6 Bxh3 30. Rxf6 Re8 31. gxf7 Rf8 32. Rxh6+ 1-0

[Event "Torneo Hotel Alfinden 2010"]
[Site "La Puebla de Alfinden ESP"]
[Date "2010.12.04"]
[Round "2.2"]
[White "Rios, Alejandro"]
[Black "Forcen Esteban, Daniel"]
[Result "0-1"]
[WhiteElo "2321"]
[BlackElo "2367"]
[PlyCount "92"]
[EventDate "2010.12.03"]
[EventType "tourn"]
[EventRounds "9"]
[EventCountry "ESP"]
[EventCategory "5"]
[Source "lmi"]
[SourceDate "2010.12.03"]

1. e4 c5 2. Nf3 Nc6 3. d4 cxd4 4. Nxd4 g6 5. Nc3 Bg7 6. Be3 Nf6 7. Be2 O-O 8.
Nb3 d6 9. O-O Be6 10. f4 Rc8 11. Kh1 a6 12. Qd2 b5 13. Bf3 Na5 14. Nxa5 Qxa5
15. a3 Rc5 16. f5 Bd7 17. fxg6 hxg6 18. Bh6 Rfc8 19. Bxg7 Kxg7 20. Be2 Rxc3 21.
bxc3 Qxc3 22. Qxc3 Rxc3 23. Bd3 Bc6 24. Rfe1 Ng4 25. Kg1 Ne5 26. Red1 Nc4 27.
a4 bxa4 28. Kf2 Bb5 29. Ke2 Nb2 30. Rd2 Nxd3 31. cxd3 e5 32. Ke3 f5 33. exf5
gxf5 34. g3 d5 35. h4 d4+ 36. Kf2 Bxd3 37. Rxa4 Bb5 38. Ra1 Kg6 39. Re1 Rc5 40.
Ra1 Kh5 41. Ra3 Rc1 42. Kf3 e4+ 43. Kf4 Rf1+ 44. Ke5 d3 45. Kd4 Rf3 46. Rg2 d2
0-1

[Event "Torneo Hotel Alfinden 2010"]
[Site "La Puebla de Alfinden ESP"]
[Date "2010.12.04"]
[Round "2.3"]
[White "Garza Marco, Sergio"]
[Black "Gemy, Jose Daniel"]
[Result "1-0"]
[WhiteElo "2442"]
[BlackElo "2316"]
[PlyCount "75"]
[EventDate "2010.12.03"]
[EventType "tourn"]
[EventRounds "9"]
[EventCountry "ESP"]
[EventCategory "5"]
[Source "lmi"]
[SourceDate "2010.12.03"]

1. d4 d5 2. c4 c6 3. Nf3 Nf6 4. e3 g6 5. Nc3 Bg7 6. Bd3 O-O 7. O-O Bg4 8. h3
Bxf3 9. Qxf3 dxc4 10. Bxc4 Nbd7 11. Rd1 e5 12. d5 cxd5 13. Bxd5 Qe7 14. Bxb7
Rab8 15. Bd5 Nb6 16. Bb3 e4 17. Qf4 Rfd8 18. Bd2 Nbd7 19. Qc7 Qc5 20. Qf4 g5
21. Qg3 Qf5 22. Ne2 Nh5 23. Qg4 Qg6 24. Nd4 Kh8 25. Qf5 Ne5 26. Qxg6 hxg6 27.
Bc3 Kh7 28. Rd2 f5 29. Rad1 g4 30. Ne6 Rxd2 31. Rxd2 Bf6 32. Bxe5 Bxe5 33. hxg4
fxg4 34. Ng5+ Kg7 35. Rd7+ Kf6 36. Nxe4+ Kf5 37. Nd6+ Kf6 38. Nc4 1-0

[Event "Torneo Hotel Alfinden 2010"]
[Site "La Puebla de Alfinden ESP"]
[Date "2010.12.04"]
[Round "2.4"]
[White "Fontana Sotomayor, Luis Javier"]
[Black "Kovacevic, Slobodan"]
[Result "1-0"]
[WhiteElo "2376"]
[BlackElo "2330"]
[PlyCount "116"]
[EventDate "2010.12.03"]
[EventType "tourn"]
[EventRounds "9"]
[EventCountry "ESP"]
[EventCategory "5"]
[Source "lmi"]
[SourceDate "2010.12.03"]

1. e4 c5 2. Nf3 e6 3. d3 Nc6 4. g3 d5 5. Nbd2 Nf6 6. Bg2 Be7 7. O-O b6 8. Re1
Bb7 9. c3 Qc7 10. a3 a5 11. exd5 Nxd5 12. a4 O-O 13. Nc4 Rad8 14. Qb3 Ba6 15.
Bd2 h6 16. Rad1 Rfe8 17. Bc1 Na7 18. Nfe5 Nc8 19. Na3 Na7 20. Nec4 Nc8 21. Nb5
Bxb5 22. Qxb5 Na7 23. Qa6 Nc8 24. Qb5 Na7 25. Qb3 Nc8 26. f4 g6 27. Ne5 Bf8 28.
Qb5 Na7 29. Qc4 h5 30. d4 Nf6 31. h3 Bd6 32. Qe2 cxd4 33. cxd4 Rc8 34. Be3 Nd5
35. Rc1 Qb7 36. g4 hxg4 37. hxg4 Rxc1 38. Bxc1 Nc6 39. Bxd5 exd5 40. Qb5 Bxe5
41. dxe5 Rd8 42. f5 Ne7 43. Bg5 d4 44. Qd3 Rd5 45. Bf6 Kf8 46. Qh3 Ke8 47. e6
fxe6 48. Qh8+ Kd7 49. fxe6+ Kc6 50. Qe8+ Kc5 51. Bxe7+ Kc4 52. Qxg6 Qxe7 53.
Qc2+ Kb4 54. Qd3 Qg5 55. Qa3+ Kc4 56. b3+ Kd3 57. b4+ Kc2 58. Re2+ Kd1 1-0

[Event "Torneo Hotel Alfinden 2010"]
[Site "La Puebla de Alfinden ESP"]
[Date "2010.12.04"]
[Round "2.5"]
[White "Ramon Perez, Jose Luis"]
[Black "Panelo, Marcelo"]
[Result "0-1"]
[WhiteElo "2251"]
[BlackElo "2432"]
[PlyCount "82"]
[EventDate "2010.12.03"]
[EventType "tourn"]
[EventRounds "9"]
[EventCountry "ESP"]
[EventCategory "5"]
[Source "lmi"]
[SourceDate "2010.12.03"]

1. e4 c5 2. Nc3 Nc6 3. f4 e6 4. Nf3 Nge7 5. d4 cxd4 6. Nxd4 Nxd4 7. Qxd4 Nc6 8.
Qe3 Be7 9. e5 Nb4 10. Qe4 d5 11. exd6 Qxd6 12. a3 Nd5 13. Nxd5 exd5 14. Bb5+
Bd7 15. Bxd7+ Qxd7 16. Qd3 Bh4+ 17. g3 Bf6 18. Be3 Bxb2 19. Rb1 Bf6 20. O-O O-O
21. Rb4 Qc6 22. Bd4 Be7 23. Rb3 b6 24. f5 Rac8 25. f6 Bxf6 26. Bxf6 gxf6 27.
Rf2 Rfe8 28. Qd2 Qe6 29. Kg2 Qe4+ 30. Rbf3 Re5 31. g4 d4 32. h3 Rc3 33. Kg3
Rec5 34. Qd1 Rxf3+ 35. Rxf3 Rxc2 36. Kh4 Rc3 37. Rxf6 Qe3 38. Qf1 h6 39. Rf5
Qg3+ 40. Kh5 Qxh3+ 41. Qxh3 Rxh3# 0-1

[Event "Torneo Hotel Alfinden 2010"]
[Site "La Puebla de Alfinden ESP"]
[Date "2010.12.04"]
[Round "3.1"]
[White "Panelo, Marcelo"]
[Black "Martin Alvarez, Inigo"]
[Result "1-0"]
[WhiteElo "2432"]
[BlackElo "2292"]
[PlyCount "45"]
[EventDate "2010.12.03"]
[EventType "tourn"]
[EventRounds "9"]
[EventCountry "ESP"]
[EventCategory "5"]
[Source "lmi"]
[SourceDate "2010.12.03"]

1. Nf3 d5 2. c4 c6 3. e3 Nf6 4. Be2 Bg4 5. b3 Nbd7 6. Bb2 e6 7. O-O Bd6 8. d4
a6 9. Nbd2 b5 10. Ne5 Bxe2 11. Qxe2 bxc4 12. bxc4 Qb8 13. Ndf3 Bxe5 14. Nxe5
Nxe5 15. dxe5 Nd7 16. cxd5 cxd5 17. Rab1 Ra7 18. Ba3 Rb7 19. Bd6 Qa7 20. Qg4
Rg8 21. Qh4 Nf8 22. Qa4+ Nd7 23. Qc6 1-0

[Event "Torneo Hotel Alfinden 2010"]
[Site "La Puebla de Alfinden ESP"]
[Date "2010.12.04"]
[Round "3.2"]
[White "Kovacevic, Slobodan"]
[Black "Ramon Perez, Jose Luis"]
[Result "1-0"]
[WhiteElo "2330"]
[BlackElo "2251"]
[PlyCount "79"]
[EventDate "2010.12.03"]
[EventType "tourn"]
[EventRounds "9"]
[EventCountry "ESP"]
[EventCategory "5"]
[Source "lmi"]
[SourceDate "2010.12.03"]

1. d4 Nf6 2. Nf3 e6 3. Bf4 c5 4. e3 Qb6 5. Qc1 Nc6 6. c3 Nh5 7. Bg3 d5 8. Nbd2
Bd7 9. Be2 Nxg3 10. hxg3 Rc8 11. Qb1 h6 12. g4 cxd4 13. exd4 Qc7 14. g5 e5 15.
dxe5 Nxe5 16. gxh6 g6 17. Nxe5 Qxe5 18. Nf3 Qe4 19. h7 Bc5 20. Rh4 Qe7 21. Qd3
Be6 22. g3 Qf6 23. Nd4 Bxd4 24. Qxd4 Qxd4 25. Rxd4 Rxh7 26. Bf3 Rc5 27. Rad1 f6
28. Bxd5 Bf5 29. Kf1 Re7 30. f3 Kf8 31. Kf2 g5 32. Re1 Rec7 33. Bb3 Bd7 34. Rh1
Kg7 35. g4 f5 36. Bc2 Be6 37. Rd6 Re5 38. Rh5 Re7 39. Rxg5+ Kf6 40. Rxf5+ 1-0

[Event "Torneo Hotel Alfinden 2010"]
[Site "La Puebla de Alfinden ESP"]
[Date "2010.12.04"]
[Round "3.3"]
[White "Gemy, Jose Daniel"]
[Black "Fontana Sotomayor, Luis Javier"]
[Result "1/2-1/2"]
[WhiteElo "2316"]
[BlackElo "2376"]
[PlyCount "89"]
[EventDate "2010.12.03"]
[EventType "tourn"]
[EventRounds "9"]
[EventCountry "ESP"]
[EventCategory "5"]
[Source "lmi"]
[SourceDate "2010.12.03"]

1. d4 Nf6 2. Nf3 d6 3. e3 Bf5 4. Bc4 h6 5. b3 c6 6. O-O Nbd7 7. Bb2 e6 8. Bd3
Bxd3 9. Qxd3 d5 10. Nbd2 Qc7 11. Rae1 Bd6 12. c4 O-O-O 13. c5 Be7 14. b4 g5 15.
Rb1 g4 16. Ne1 Kb8 17. a4 e5 18. Bc3 e4 19. Qe2 Ka8 20. b5 Nb8 21. Nb3 Qc8 22.
Nc2 Rd7 23. Na5 Bd8 24. bxc6 bxc6 25. Rb2 Bxa5 26. Bxa5 Rb7 27. Nb4 Re8 28.
Rfb1 Ree7 29. Kf1 h5 30. Ke1 Ne8 31. Kd2 Ng7 32. Kc3 Nf5 33. g3 Ng7 34. Rb3 Ne6
35. h4 Qh8 36. Kc2 Qc8 37. R1b2 f5 38. Kb1 Rf7 39. Ka2 Rg7 40. Ka3 Rgf7 41. Rb1
Rfd7 42. Qb2 Rf7 43. Qa2 Rfd7 44. R3b2 Nf8 45. Rb3 1/2-1/2

[Event "Torneo Hotel Alfinden 2010"]
[Site "La Puebla de Alfinden ESP"]
[Date "2010.12.04"]
[Round "3.4"]
[White "Forcen Esteban, Daniel"]
[Black "Garza Marco, Sergio"]
[Result "1/2-1/2"]
[WhiteElo "2367"]
[BlackElo "2442"]
[PlyCount "31"]
[EventDate "2010.12.03"]
[EventType "tourn"]
[EventRounds "9"]
[EventCountry "ESP"]
[EventCategory "5"]
[Source "lmi"]
[SourceDate "2010.12.03"]

1. e4 c5 2. Nf3 Nc6 3. d4 cxd4 4. Nxd4 e5 5. Nb5 d6 6. N1c3 a6 7. Na3 b5 8. Nd5
Nge7 9. c4 Nd4 10. Be3 Nxd5 11. cxd5 Be7 12. Bd3 O-O 13. O-O Bd7 14. f4 Bf6 15.
Qd2 Rc8 16. Rac1 1/2-1/2

[Event "Torneo Hotel Alfinden 2010"]
[Site "La Puebla de Alfinden ESP"]
[Date "2010.12.04"]
[Round "3.5"]
[White "Ramiro Ovejero, Juan Luis"]
[Black "Rios, Alejandro"]
[Result "0-1"]
[WhiteElo "2381"]
[BlackElo "2321"]
[PlyCount "82"]
[EventDate "2010.12.03"]
[EventType "tourn"]
[EventRounds "9"]
[EventCountry "ESP"]
[EventCategory "5"]
[Source "lmi"]
[SourceDate "2010.12.03"]

1. e4 e5 2. Nf3 Nc6 3. d4 exd4 4. Nxd4 Qf6 5. Nb5 Bc5 6. Qf3 Qxf3 7. gxf3 Kd8
8. Be3 Bxe3 9. fxe3 a6 10. Nd4 Nge7 11. Nc3 b5 12. O-O-O d6 13. Rg1 g6 14. f4
f6 15. h4 Nxd4 16. exd4 b4 17. Ne2 d5 18. e5 Rf8 19. Ng3 Rb8 20. Bd3 Rb6 21.
Rd2 Bg4 22. Nf1 Bf5 23. Ne3 Bxd3 24. Rxd3 fxe5 25. fxe5 Rf4 26. h5 Re6 27. h6
c6 28. Ng4 Nf5 29. c3 bxc3 30. bxc3 Re7 31. Kb2 Rb7+ 32. Ka3 Ne7 33. e6 Nf5 34.
Ne5 Nd6 35. Rh3 Rf2 36. Rxg6 hxg6 37. h7 Nb5+ 38. Kb4 Kc7 39. a3 Nxd4+ 40. Ka4
Nxe6 41. c4 dxc4 0-1

[Event "Torneo Hotel Alfinden 2010"]
[Site "La Puebla de Alfinden ESP"]
[Date "2010.12.05"]
[Round "4.1"]
[White "Martin Alvarez, Inigo"]
[Black "Rios, Alejandro"]
[Result "1/2-1/2"]
[WhiteElo "2292"]
[BlackElo "2321"]
[PlyCount "57"]
[EventDate "2010.12.03"]
[EventType "tourn"]
[EventRounds "9"]
[EventCountry "ESP"]
[EventCategory "5"]
[Source "lmi"]
[SourceDate "2010.12.03"]

1. e4 e5 2. Nf3 Nc6 3. Bb5 a6 4. Ba4 d6 5. Bxc6+ bxc6 6. d4 f6 7. Nc3 Ne7 8.
Be3 Ng6 9. Qe2 Be7 10. O-O-O Bd7 11. h4 O-O 12. h5 Nh8 13. Nh4 Nf7 14. g4 Qc8
15. Nf5 Re8 16. Qc4 Rb8 17. dxe5 fxe5 18. Nxe7+ Rxe7 19. g5 g6 20. hxg6 hxg6
21. f4 Qb7 22. b3 Qb4 23. Qxb4 Rxb4 24. f5 gxf5 25. g6 Nh8 26. Bg5 Rg7 27. Bf6
Nxg6 28. Rdg1 f4 29. Rh8+ 1/2-1/2

[Event "Torneo Hotel Alfinden 2010"]
[Site "La Puebla de Alfinden ESP"]
[Date "2010.12.05"]
[Round "4.2"]
[White "Garza Marco, Sergio"]
[Black "Ramiro Ovejero, Juan Luis"]
[Result "1-0"]
[WhiteElo "2442"]
[BlackElo "2381"]
[PlyCount "87"]
[EventDate "2010.12.03"]
[EventType "tourn"]
[EventRounds "9"]
[EventCountry "ESP"]
[EventCategory "5"]
[Source "lmi"]
[SourceDate "2010.12.03"]

1. d4 Nf6 2. c4 e5 3. dxe5 Ne4 4. a3 d6 5. Nf3 Nc6 6. exd6 Bxd6 7. e3 Bf5 8.
Nbd2 Qf6 9. Nxe4 Bxe4 10. Bd3 Bxd3 11. Qxd3 O-O-O 12. Qc2 Ne5 13. Nxe5 Bxe5 14.
O-O Qg6 15. e4 Rd4 16. f4 Bf6 17. f5 Qg4 18. Bf4 Re8 19. Rae1 Be5 20. Qa4 c6
21. Qxa7 Bxf4 22. Rxf4 Qxf4 23. Qxd4 f6 24. b4 Rd8 25. Qc3 Re8 26. Qd4 Rd8 27.
Qc3 Re8 28. Qe3 Qe5 29. a4 Rd8 30. b5 c5 31. a5 Rd4 32. a6 bxa6 33. bxa6 Rxc4
34. Qb3 Qc3 35. Qb7+ Kd8 36. Qd5+ Kc7 37. Kf1 Qd4 38. Qb7+ Kd6 39. Qb6+ Kd7 40.
Qb5+ Kd6 41. Qb3 Ra4 42. a7 Ra1 43. e5+ fxe5 44. a8=Q 1-0

[Event "Torneo Hotel Alfinden 2010"]
[Site "La Puebla de Alfinden ESP"]
[Date "2010.12.05"]
[Round "4.3"]
[White "Fontana Sotomayor, Luis Javier"]
[Black "Forcen Esteban, Daniel"]
[Result "1/2-1/2"]
[WhiteElo "2376"]
[BlackElo "2367"]
[PlyCount "93"]
[EventDate "2010.12.03"]
[EventType "tourn"]
[EventRounds "9"]
[EventCountry "ESP"]
[EventCategory "5"]
[Source "lmi"]
[SourceDate "2010.12.03"]

1. d4 Nf6 2. Nf3 c5 3. e3 d5 4. b3 Nc6 5. Bb2 Bf5 6. a3 e6 7. Bd3 Bg6 8. O-O
Bd6 9. Ne5 O-O 10. f4 Qb6 11. Kh1 c4 12. Bxg6 hxg6 13. Nc3 cxb3 14. cxb3 Rfc8
15. b4 Ne7 16. Qd3 a5 17. Na4 Qd8 18. b5 Ne4 19. Nc3 Nxc3 20. Bxc3 b6 21. Rfc1
Ra7 22. Bd2 Rac7 23. a4 Rxc1+ 24. Rxc1 Rxc1+ 25. Bxc1 Qc7 26. Bd2 Bxe5 27. dxe5
Qc4 28. Qxc4 dxc4 29. e4 f5 30. exf6 gxf6 31. Kg1 f5 32. Kf2 fxe4 33. Ke3 Nd5+
34. Kxe4 c3 35. Bc1 Nb4 36. Ke3 Kf7 37. h4 e5 38. fxe5 Ke6 39. g4 Kxe5 40. h5
gxh5 41. gxh5 Kf5 42. Kd4 Na2 43. Be3 c2 44. Kd5 Nc3+ 45. Kc4 Na2 46. Kd5 Nc3+
47. Kc4 1/2-1/2

[Event "Torneo Hotel Alfinden 2010"]
[Site "La Puebla de Alfinden ESP"]
[Date "2010.12.05"]
[Round "4.4"]
[White "Ramon Perez, Jose Luis"]
[Black "Gemy, Jose Daniel"]
[Result "1-0"]
[WhiteElo "2251"]
[BlackElo "2316"]
[PlyCount "77"]
[EventDate "2010.12.03"]
[EventType "tourn"]
[EventRounds "9"]
[EventCountry "ESP"]
[EventCategory "5"]
[Source "lmi"]
[SourceDate "2010.12.03"]

1. e4 e6 2. d4 d5 3. Nc3 Nf6 4. Bg5 dxe4 5. Nxe4 Nbd7 6. Nf3 h6 7. Nxf6+ Nxf6
8. Bf4 a6 9. Bd3 c5 10. O-O cxd4 11. Nxd4 Bd6 12. Qd2 e5 13. Rfe1 Kf8 14. Rxe5
Bxe5 15. Bxe5 Qb6 16. Qf4 Bd7 17. c4 Kg8 18. Nf5 Bxf5 19. Bxf5 Re8 20. Bc3 g6
21. Bc2 Nh5 22. Qf3 Rh7 23. Be4 Re7 24. Rd1 Qc7 25. Bxb7 f6 26. Bd5+ Kg7 27. g3
Rh8 28. Bb4 Rd7 29. Re1 a5 30. Bc3 Rf8 31. Re6 a4 32. a3 Qb8 33. Qe4 Qc7 34.
Bb4 Rfd8 35. Bd6 Qa7 36. c5 Rf7 37. Re8 Rfd7 38. Qe6 Rxe8 39. Qxe8 1-0

[Event "Torneo Hotel Alfinden 2010"]
[Site "La Puebla de Alfinden ESP"]
[Date "2010.12.05"]
[Round "4.5"]
[White "Panelo, Marcelo"]
[Black "Kovacevic, Slobodan"]
[Result "1/2-1/2"]
[WhiteElo "2432"]
[BlackElo "2330"]
[PlyCount "88"]
[EventDate "2010.12.03"]
[EventType "tourn"]
[EventRounds "9"]
[EventCountry "ESP"]
[EventCategory "5"]
[Source "lmi"]
[SourceDate "2010.12.03"]

1. d4 Nf6 2. c4 e6 3. Nc3 c5 4. d5 exd5 5. cxd5 d6 6. e4 g6 7. Nge2 Bg7 8. Ng3
O-O 9. Be2 a6 10. a4 Re8 11. O-O h5 12. Bg5 Qa5 13. f4 Nh7 14. Bh4 Nd7 15. Kh1
Qb4 16. Qd2 Ndf6 17. h3 Bh6 18. Qc2 Bg7 19. e5 dxe5 20. Bxf6 Nxf6 21. f5 Qh4
22. fxg6 Bxh3 23. gxf7+ Kxf7 24. Bxh5+ Kg8 25. gxh3 Nxh5 26. Nxh5 Qxh5 27. Qg2
e4 28. Rae1 Kh8 29. Rxe4 Rxe4 30. Nxe4 Qxd5 31. Rg1 Bd4 32. Rf1 Rg8 33. Qe2 Rg3
34. Rf8+ Kg7 35. Rf4 Rxh3+ 36. Kg2 Rh6 37. Rg4+ Kh7 38. Qf3 Bg7 39. Qf4 Qe5 40.
Qxe5 Bxe5 41. Nxc5 Rh2+ 42. Kf3 Rxb2 43. Ke4 Bd6 44. Kd5 Bxc5 1/2-1/2

[Event "Torneo Hotel Alfinden 2010"]
[Site "La Puebla de Alfinden ESP"]
[Date "2010.12.06"]
[Round "5.1"]
[White "Kovacevic, Slobodan"]
[Black "Martin Alvarez, Inigo"]
[Result "1/2-1/2"]
[WhiteElo "2330"]
[BlackElo "2292"]
[PlyCount "32"]
[EventDate "2010.12.03"]
[EventType "tourn"]
[EventRounds "9"]
[EventCountry "ESP"]
[EventCategory "5"]
[Source "lmi"]
[SourceDate "2010.12.03"]

1. d4 d6 2. Nf3 g6 3. Bg5 Bg7 4. c3 Nf6 5. Nbd2 O-O 6. e4 h6 7. Bh4 Qe8 8. a4
e5 9. dxe5 dxe5 10. Bc4 Nh5 11. O-O Nd7 12. a5 a6 13. Ne1 Nf4 14. Nc2 Nc5 15.
b4 Nce6 16. Rb1 Qd7 1/2-1/2

[Event "Torneo Hotel Alfinden 2010"]
[Site "La Puebla de Alfinden ESP"]
[Date "2010.12.06"]
[Round "5.2"]
[White "Gemy, Jose Daniel"]
[Black "Panelo, Marcelo"]
[Result "1/2-1/2"]
[WhiteElo "2316"]
[BlackElo "2432"]
[PlyCount "90"]
[EventDate "2010.12.03"]
[EventType "tourn"]
[EventRounds "9"]
[EventCountry "ESP"]
[EventCategory "5"]
[Source "lmi"]
[SourceDate "2010.12.03"]

1. d4 Nf6 2. Nf3 d5 3. g3 c6 4. Bg2 Bf5 5. O-O e6 6. Bg5 Nbd7 7. Nbd2 h6 8. Bf4
Be7 9. c3 O-O 10. h3 a5 11. a4 Ne4 12. Nxe4 Bxe4 13. Qb3 Nb6 14. Nd2 Bxg2 15.
Kxg2 Ra6 16. Rfe1 Qd7 17. e4 c5 18. dxc5 Bxc5 19. Qb5 Qc8 20. b4 axb4 21. cxb4
Bd4 22. Rac1 Qd8 23. Nb3 e5 24. Nxd4 exf4 25. a5 fxg3 26. Nc6 Qg5 27. fxg3 Nc4
28. Qxb7 Qd2+ 29. Kh1 Ne3 30. Rg1 Qe2 31. Rce1 Qf3+ 32. Kh2 Rxc6 33. Qxc6 Qf2+
34. Kh1 Qf3+ 35. Kh2 d4 36. Qc1 Qf2+ 37. Kh1 Qf3+ 38. Kh2 Qf2+ 39. Kh1 Rb8 40.
a6 Qf3+ 41. Kh2 Qf2+ 42. Kh1 Qf3+ 43. Kh2 Qf2+ 44. Kh1 Qf3+ 45. Kh2 Qf2+
1/2-1/2

[Event "Torneo Hotel Alfinden 2010"]
[Site "La Puebla de Alfinden ESP"]
[Date "2010.12.06"]
[Round "5.3"]
[White "Forcen Esteban, Daniel"]
[Black "Ramon Perez, Jose Luis"]
[Result "1-0"]
[WhiteElo "2367"]
[BlackElo "2251"]
[PlyCount "87"]
[EventDate "2010.12.03"]
[EventType "tourn"]
[EventRounds "9"]
[EventCountry "ESP"]
[EventCategory "5"]
[Source "lmi"]
[SourceDate "2010.12.03"]

1. e4 e6 2. Nf3 d5 3. e5 c5 4. b4 d4 5. bxc5 Bxc5 6. Ba3 Qa5 7. Bxc5 Qxc5 8. c3
Nc6 9. cxd4 Nxd4 10. Qa4+ Bd7 11. Qxd4 Qc1+ 12. Ke2 Bb5+ 13. Ke3 Bxf1 14. Qa4+
b5 15. Qxb5+ Bxb5 16. Rxc1 Ne7 17. Nc3 Nf5+ 18. Kf4 Bd3 19. Ne4 O-O 20. Nc5
Rfd8 21. Nxd3 Rxd3 22. Rc4 Rad8 23. Rac1 h6 24. Ke4 g5 25. R1c3 R3d5 26. g4 Ne7
27. Rc7 R5d7 28. Rxd7 Rxd7 29. d4 Kg7 30. h4 Kg6 31. hxg5 hxg5 32. Rb3 Rc7 33.
Ne1 Nd5 34. Kd3 a5 35. Nc2 a4 36. Ra3 Nf4+ 37. Kd2 Rc4 38. Rc3 Rxc3 39. Kxc3
Nh3 40. f3 Ng1 41. Ne1 Ne2+ 42. Kd3 Nc1+ 43. Kd2 Nxa2 44. Nd3 1-0